Schopenhauer y Nietzsche

Đã lưu trong:
Chi tiết về thư mục
Tác giả chính: Simmel, Georg (Tác giả)
Định dạng: Sách
Ngôn ngữ:Tiếng Tây Ban Nha
Được phát hành: Buenos Aires Terramar 2000
Phiên bản:1a. ed
Loạt:Colección Caronte. Filosofía
Những chủ đề:
Các nhãn: Thêm thẻ
Không có thẻ, Là người đầu tiên thẻ bản ghi này!

MARC

LEADER 00000nam a2200000 a 4500
001 UCK0737
003 CL-VaPUC
008 041022e20000000AG |||||||||||||||||spa|d
020 |a 9872087874 
082 0 4 |a 193  |b SIM  |2 21 
100 0 |a Simmel, Georg  |e author  |9 368203 
245 1 0 |a Schopenhauer y Nietzsche 
250 |a 1a. ed 
300 |a 212 p 
942 |c BK 
945 |d 20041022 00:00:00  |a vberengu 
260 |a Buenos Aires  |b Terramar  |c 2000 
600 0 |a Simmel, Georg   |d 1858-1918  |9 488605 
600 0 7 |a SCHOPENHAUER, ARTHUR  |2 CL-VaPUC  |9 265694 
650 0 |a Filosofía alemana   |9 265002 
583 |a last modification  |c 20041022 00:00:00  |k Rodrigo Vera 
490 0 |a Colección Caronte. Filosofía 
999 |c 311010  |d 311008 
952 |0 0  |1 0  |4 0  |6 193_000000000000000_SIM_2000  |7 0  |8 P  |9 380187  |a BIBEDU  |b BIBEDU  |c BIBEDU_PB  |d 2019-11-21  |i 4060091  |l 2  |m 1  |o 193 SIM 2000  |p 4060091  |r 2024-01-25  |s 2023-11-17  |w 2019-11-21  |y BK  |k FIL